000 00624nam a2200169Ia 4500
008 090201s9999 xx 000 0 und d
010 _aKPL-64837
040 _bमराठी
041 _aमराठी
082 _a18217
_b64837
100 _aअनिल मुसळे
245 _aशिवसेनाप्रमुख : भुमिका आणि धोरण
_cअनिल मुसळे
260 _c2004
_bमनोरमा प्रकाशन
300 _a112
_bमोठा
600 _aशिवसेनाप्रमुख : भुमिका आणि धोरण
942 _cBOOK
999 _c218135
_d218135